00242nam a2200097Ia 4500008004100000100001700041245002100058260003900079300000800118650001800126191201s2016 xx 000 0 und d aQUINN, Jason 0aBeautiful Game  bKALYANI NAVYUG MEDIA PVT LTDc2016 a154 aGeneral Books